Statistics for Random Translations Quiz #1

Click here to take the quiz!

General Stats

  • This quiz has been taken 32,867 times
    (32,856 since last reset)
  • The average score is 12 of 24

Answer Stats

LanguageWord or PhraseTranslation% Correct
SpanishFeliz NavidadMerry Christmas
84%
GermanWas ist Das?What is This?
84%
SpanishLos AngelesThe Angels
78%
ScottishLochLake
74%
RussianNyetNo
72%
FrenchCafé au LaitCoffee with Milk
67%
GermanStille NachtSilent Night
65%
GermanO TannenbaumO Christmas Tree
63%
JapaneseKonnichi waGood Afternoon
60%
FrenchDu Jourof the Day
59%
GermanMein KampfMy Struggle
53%
ItalianFrescoFresh
52%
RussianBabushkaGrandmother
50%
FrenchCoeur de LionLionheart
48%
GermanDas BootThe Boat
42%
SpanishTierra del FuegoLand of Fire
41%
GermanBlitzkriegLightning War
36%
ItalianMoltoVery
34%
FrenchNom de PlumePen Name
33%
HawaiianMahaloThank You
32%
SpanishBarrioNeighborhood
31%
ArabicJihadStruggle
30%
GermanZeitgeistTime Spirit
22%
SpanishLa BreaThe Tar
11%

Score Distribution

Percentile by Number Answered

Percent of People with Each Score

Your Score History

You have not taken this quiz since the last reset